[Event "Oberliga Nord W 1415"]
[Site "Germany"]
[Date "2015.02.22"]
[Round "7.6"]
[White "Helmer, Christoph"]
[Black "Peters, Frank"]
[Result "1-0"]
[WhiteElo "2062"]
[BlackElo "2142"]
[PlyCount "59"]
[EventDate "2014.09.22"]
[EventType "team-tourn"]
[EventRounds "9"]
[EventCountry "GER"]
[SourceTitle "EXT 2016"]
[Source "ChessBase"]
[SourceDate "2015.10.08"]
[SourceVersion "1"]
[SourceVersionDate "2015.10.08"]
[SourceQuality "1"]
[WhiteTeam "Hannover"]
[BlackTeam "Bremer SG"]
[WhiteTeamCountry "GER"]
[BlackTeamCountry "GER"]

1. e4 d6 2. d4 g6 3. c3 Nf6 4. Bd3 Bg7 5. f4 0-0 6. Nf3 Bg4 7. 0-0 Nbd7 8. h3 Bxf3 9. Qxf3 e5 10. fxe5 dxe5 11. Bg5 h6 12. Bh4 g5 13. Bg3 Ne8 14. Na3 Nd6 15. Nc2 Qe7 16. Rae1 Rae8 17. Qf2 Qd8 18. b4 a6 19. d5 Qc8 20. c4 c5 21. dxc6 Qxc6 22. c5 Nb5 23. Bc4 Re7 24. Ne3 Nd4 25. Bd5 Qc8 26. Nc4 Nxc5 27. Nd6 Qc7 28. bxc5 Qxc5 29. Nf5 Rd7 30. Nxg7 1-0

[Event "Oberliga Nord W 1415"]
[Site "Germany"]
[Date "2014.12.07"]
[Round "4.5"]
[White "Hampel, Felix"]
[Black "Peters, Frank"]
[Result "1-0"]
[WhiteElo "2157"]
[BlackElo "2142"]
[PlyCount "91"]
[EventDate "2014.09.22"]
[EventType "team-tourn"]
[EventRounds "9"]
[EventCountry "GER"]
[SourceTitle "EXT 2016"]
[Source "ChessBase"]
[SourceDate "2015.10.08"]
[SourceVersion "1"]
[SourceVersionDate "2015.10.08"]
[SourceQuality "1"]
[WhiteTeam "Lister Turm"]
[BlackTeam "Bremer SG"]
[WhiteTeamCountry "GER"]
[BlackTeamCountry "GER"]

1. c4 d6 2. Nc3 e5 3. d4 exd4 4. Qxd4 Nc6 5. Qe3+ Nge7 6. g3 Bf5 7. Qd2 Qd7 8. Bg2 h5 9. h4 0-0-0 10. Nd5 Ne5 11. Qa5 N7c6 12. Qc3 Re8 13. Ne3 Kb8 14. Nh3 Bg4 15. f4 Bxh3 16. Bxh3 Ng4 17. Nxg4 hxg4 18. Bg2 Qe6 19. 0-0 f5 20. Qb3 Nd8 21. Bd2 Be7 22. Rae1 Bf6 23. e4 Bd4+ 24. Be3 Qf6 25. Qd3 Nc6 26. Bxd4 Qxd4+ 27. Qxd4 Nxd4 28. exf5 Nxf5 29. Kf2 Kc8 30. Be4 Nd4 31. Bg6 Rxe1 32. Rxe1 Kd7 33. Re4 c5 34. f5 Rf8 35. Rxg4 Nc6 36. Bh7 Rf7 37. Rg5 Ne5 38. Bg8 Re7 39. Be6+ Kd8 40. b3 Nc6 41. Rh5 Nd4 42. Rh8+ Kc7 43. Rh7 Kd8 44. g4 g6 45. Rxe7 Kxe7 46. Ke3 1-0

[Event "Oberliga Nord W 1415"]
[Site "Germany"]
[Date "2014.09.22"]
[Round "1.5"]
[White "Niendieker, Stephan"]
[Black "Peters, Frank"]
[Result "0-1"]
[WhiteElo "2190"]
[BlackElo "2142"]
[PlyCount "76"]
[EventDate "2014.09.22"]
[EventType "team-tourn"]
[EventRounds "9"]
[EventCountry "GER"]
[SourceTitle "EXT 2016"]
[Source "ChessBase"]
[SourceDate "2015.10.08"]
[SourceVersion "1"]
[SourceVersionDate "2015.10.08"]
[SourceQuality "1"]
[WhiteTeam "Hellern"]
[BlackTeam "Bremer SG"]
[WhiteTeamCountry "GER"]
[BlackTeamCountry "GER"]

1. d4 g6 2. c4 Bg7 3. Nf3 d6 4. Nc3 Nf6 5. g3 0-0 6. Bg2 Nbd7 7. 0-0 e5 8. e4 a5 9. dxe5 dxe5 10. b3 Re8 11. Qc2 c6 12. Rd1 Qc7 13. Na4 b6 14. Bb2 Bf8 15. h3 Nh5 16. Rd2 Nc5 17. Nxc5 Bxc5 18. Kh2 f6 19. Ne1 Ng7 20. Nd3 Bf8 21. f4 exf4 22. gxf4 Nh5 23. e5 Bf5 24. Rf1 Bh6 25. Qd1 Rad8 26. exf6 Bxd3 27. Rxd3 Bxf4+ 28. Kg1 Rxd3 29. f7+ Qxf7 30. Qxd3 Be3+ 31. Qxe3 Rxe3 32. Rxf7 Kxf7 33. Bxc6 Nf4 34. Kf1 Nd3 35. Bd4 Re1+ 36. Kg2 Nc5 37. Kf2 Rd1 38. Ke3 Rd3+ 0-1

[Event "Bremen-ch op"]
[Site "Bremen"]
[Date "2014.04.15"]
[Round "3"]
[White "Peters, Frank"]
[Black "Kimmich, Daniel"]
[Result "1-0"]
[WhiteElo "2151"]
[BlackElo "1963"]
[PlyCount "28"]
[EventDate "2014.04.14"]
[EventType "swiss"]
[EventRounds "9"]
[EventCountry "GER"]
[SourceTitle "EXT 2018"]
[Source "ChessBase"]
[SourceDate "2017.10.13"]
[SourceVersion "1"]
[SourceVersionDate "2017.10.13"]
[SourceQuality "1"]

1. c4 e5 2. Nc3 Nc6 3. g3 d6 4. Bg2 Be6 5. d3 g6 6. e3 Bg7 7. Nge2 Qd7 8. h4 f5 9. Rb1 Nf6 10. Nd5 0-0-0 11. b4 Kb8 12. Nec3 Ne7 13. Nxe7 Qxe7 14. Nd5 e4 1-0

[Event "Oberliga Nord W 1314"]
[Site "Germany"]
[Date "2013.12.15"]
[Round "4.5"]
[White "Usachyi, Vladimir"]
[Black "Peters, Frank"]
[Result "1-0"]
[WhiteElo "2124"]
[BlackElo "2162"]
[PlyCount "147"]
[EventDate "2013.10.13"]
[EventType "team-tourn"]
[EventRounds "9"]
[EventCountry "GER"]
[SourceTitle "EXT 2015"]
[Source "ChessBase"]
[SourceDate "2014.11.20"]
[SourceVersion "1"]
[SourceVersionDate "2014.11.20"]
[SourceQuality "1"]
[WhiteTeam "Hannover"]
[BlackTeam "Bremer SG"]
[WhiteTeamCountry "GER"]
[BlackTeamCountry "GER"]

1. d4 g6 2. c4 Bg7 3. Nc3 d6 4. e4 e5 5. dxe5 dxe5 6. Qxd8+ Kxd8 7. Bg5+ f6 8. 0-0-0+ Nd7 9. Be3 c6 10. Bc5 Nh6 11. f3 Nf7 12. h4 Kc7 13. Be3 Bh6 14. Bxh6 Nxh6 15. g4 Nf7 16. h5 g5 17. Rh2 a5 18. Na4 b6 19. Rhd2 Rd8 20. Ne2 Rb8 21. Nec3 Ba6 22. a3 Nf8 23. b4 Rxd2 24. Rxd2 axb4 25. axb4 Ne6 26. Be2 Nd4 27. b5 Bb7 28. Kb2 Nd6 29. bxc6 Bxc6 30. Nd5+ Bxd5 31. cxd5 Ra8 32. Nc3 b5 33. Na2 Ra4 34. Kb1 Ra3 35. Bd1 Nc4 36. Rf2 Rd3 37. Kc1 Ne3 38. Be2 Rb3 39. Rh2 Kd6 40. Rf2 Kc5 41. Rh2 b4 42. Rf2 Ra3 43. Kb2 Rb3+ 44. Kc1 Ra3 45. Kb2 Ra8 46. Nc1 b3 47. Nxb3+ Nxb3 48. Kxb3 Kd4 49. Bb5 Rb8 50. Ka4 Kc5 51. Re2 Kd4 52. Rd2+ Kc5 53. Re2 Kd4 54. Rd2+ Kc5 55. Be2 h6 56. d6 Rd8 57. d7 Ng2 58. Bb5 Nf4 59. Ka5 Ra8+ 60. Ba6 Ne6 61. Rc2+ Kd6 62. Rc8 Rxa6+ 63. Kxa6 Kxd7 64. Rh8 Nd4 65. Rxh6 Ke7 66. Rh7+ Kf8 67. Kb6 Nxf3 68. Kc6 Nh2 69. Kd6 Kg8 70. Ra7 Nxg4 71. Ke6 Nf2 72. Kxf6 Nxe4+ 73. Kg6 Kf8 74. h6 1-0

[Event "Oberliga Nord W 1314"]
[Site "Germany"]
[Date "2013.10.13"]
[Round "1.6"]
[White "Meessen, Max"]
[Black "Peters, Frank"]
[Result "1/2-1/2"]
[WhiteElo "2183"]
[BlackElo "2162"]
[PlyCount "78"]
[EventDate "2013.10.13"]
[EventType "team-tourn"]
[EventRounds "9"]
[EventCountry "GER"]
[SourceTitle "EXT 2015"]
[Source "ChessBase"]
[SourceDate "2014.11.20"]
[SourceVersion "1"]
[SourceVersionDate "2014.11.20"]
[SourceQuality "1"]
[WhiteTeam "Oldenburg Union"]
[BlackTeam "Bremer SG"]
[WhiteTeamCountry "GER"]
[BlackTeamCountry "GER"]

1. d4 g6 2. c4 Bg7 3. e4 d6 4. Nc3 e5 5. dxe5 dxe5 6. Qxd8+ Kxd8 7. f4 Be6 8. Nf3 Nd7 9. Be2 f6 10. fxe5 Nxe5 11. Nxe5 fxe5 12. Bg5+ Kc8 13. Rf1 c6 14. 0-0-0 Kc7 15. c5 Nh6 16. h3 Rhf8 17. Kc2 Rf7 18. Rxf7+ Nxf7 19. Be3 Bh6 20. Bxh6 Nxh6 21. Rf1 Kd7 22. b4 Ke7 23. a3 Rf8 24. Rxf8 Kxf8 25. b5 Ke7 26. a4 Nf7 27. a5 Bd7 28. a6 bxa6 29. bxc6 Bxc6 30. Bxa6 Ng5 31. Kd3 Ne6 32. Kc4 Nc7 33. Bc8 Kd8 34. Bg4 a5 35. Bd1 Kd7 36. Bg4+ Kd8 37. Bd1 Kd7 38. Bg4+ Kd8 39. Bd1 Kd7 1/2-1/2

[Event "Bremen-ch op"]
[Site "Bremen"]
[Date "2013.03.25"]
[Round "4"]
[White "Peters, Frank"]
[Black "Bergmann, Reinhold"]
[Result "1-0"]
[WhiteElo "2196"]
[BlackElo "1882"]
[PlyCount "55"]
[EventDate "2013.03.23"]
[EventType "swiss"]
[EventRounds "9"]
[EventCountry "GER"]
[SourceTitle "EXT 2022"]
[Source "ChessBase"]
[SourceDate "2021.10.06"]
[SourceVersion "1"]
[SourceVersionDate "2021.10.06"]
[SourceQuality "1"]

1. c4 b6 2. d4 Bb7 3. Nc3 Nf6 4. Bg5 e6 5. a3 Be7 6. Nf3 h6 7. Bh4 c5 8. e3 0-0 9. Bd3 d6 10. 0-0 Nbd7 11. Rc1 Re8 12. h3 e5 13. Bb1 exd4 14. exd4 cxd4 15. Nxd4 Bf8 16. Nf5 Ne5 17. Nd5 g5 18. Bg3 Nxd5 19. cxd5 Rc8 20. Qh5 Qf6 21. f4 Rxc1 22. Rxc1 Ng6 23. fxg5 hxg5 24. Rf1 Nf4 25. Bxf4 gxf4 26. Rxf4 Bxd5 27. Rg4+ Bg7 28. Rxg7+ 1-0